00425nam a2200169Ia 4500008004100000020001800041245001800059245004900077260001500126260001600141260000900157300001500166300002500181300001000206440003100216500000800247170705s9999 xx 000 0 und d a9780439206365 aButterflies / cKaren Shapiro ; illustrated by Jean Cassels. aNew York : bScholastic, c2001 a31 pages : bcolor illustration ; c23cm. aScholastic reader level 2. a190